Autostrada A29: Città - Statistics

Statistiche generali
  • Questo quiz è stato fatto 14 volte
  • Il punteggio medio è 4 su 19
Statistiche sulle risposte
Città ↓Km↓ ↑Km↑ Provincia % Corretto
Palermo 0,0 120,4 PA
88%
Mazara del Vallo 114,8 0,0 TP
75%
Alcamo est 44,8 69,0 TP
38%
Alcamo ovest 51,0 62,8 TP
38%
Capaci - Isola delle Femmine 4,4 109,4 PA
38%
Cinisi 17,6 96,2 PA
25%
Campobello di Mazara 97,8 16,0 TP
13%
Carini 7,6 106,2 PA
13%
Castellammare del Golfo 47,7 66,1 TP
13%
Castelvetrano 93,5 20,3 TP
13%
Montelepre - Zucco 29,0 84,8 PA
13%
Salemi - Gibellina Nuova 76,4 37,4 TP
13%
Santa Ninfa - Partanna 84,1 29,7 TP
13%
Terrasini 23,5 90,3 PA
13%
Tommaso Natale - Mondello 0,0 114,8 PA
13%
Villagrazia di Carini 15,1 98,7 PA
13%
Balestrate 39,8 74,0 PA
0%
Gallitello 65,4 48,4 TP
0%
Partinico 30,9 82,9 PA
0%
Nessun quiz corrispondente trovato
Distribuzione punteggi
Percentuale di utenti per punteggio
Percentile per numero di risposta
I tuoi punteggi nel tempo
Non hai fatto questo quiz